Statystyki dla Kierowcy F1 2015

Kliknij tutaj aby rozwiązać quiz!

Ogólne statystyki

  • Ten quiz został rozwiązany 45 razy
  • Średni wynik to 15 z 22

Statystyki odpowiedzi

ZespółKierowca% Poprawnych
Mercedes AMG Petronas F1 TeamLewis Hamilton
100%
Scuderia FerrariSebastian Vettel
97%
McLaren HondaFernando Alonso
94%
Sahara Force India F1 TeamSergio Perez
94%
Valtteri Bottas
94%
Nico Rosberg
91%
Kimi Raikkonen
89%
Scuderia Toro RossoMax Verstappen
89%
Infiniti Red Bull RacingDaniel Ricciardo
86%
Carlos Sainz
80%
Nico Hulkenberg
74%
Williams Martini RacingFelipe Massa
71%
Lotus F1 TeamRomain Grosjean
71%
Daniil Kvyat
66%
Jenson Button
66%
Kevin Magnussen
60%
Pastor Maldonado
49%
Sauber F1 TeamMarcus Ericsson
46%
Felipe Nasr
40%
Roberto Merhi
31%
Manor Marussia F1 TeamWill Stevens
31%
Alexander Rossi
29%

Rozkład punktacji

Percentyl według liczby udzielonych odpowiedzi

Procent ludzi z każdym wynikiem

Twoja historia wyników

Nie rozwiązałeś tego quizu